NCT DREAM - MEMBERS - Statistics

General Stats
  • This quiz has been taken 112 times
  • The average score is 7 of 7
Answer Stats
Hint Answer % Correct
- Mark
100%
- Chenle
99%
- Haechan
99%
- Jisung
99%
- Jaemin
98%
- Jeno
98%
- Renjun
96%
No matching quizzes found
Score Distribution
Percent of People with Each Score
Percentile by Number Answered
Your Score History
You have not taken this quiz